Indicadors de necessitat social a la província de Barcelona / coordinació, Lali Biosca ; equip de recerca, Enric Sampere (direcció), Teresa Feliu
ISBN:
84-7794-147-5
Descripción Física:
94 p., [7] p. : mapes ; 30 cm
MARC
| LEADER | 00000nam a2200000Ia 4500 | ||
|---|---|---|---|
| 001 | 9568 | ||
| 008 | 160829s1991 xx 000 0 cat d | ||
| 020 | |a 84-7794-147-5 | ||
| 080 | |a M-3-252 | ||
| 245 | |a Indicadors de necessitat social a la província de Barcelona / coordinació, Lali Biosca ; equip de recerca, Enric Sampere (direcció), Teresa Feliu | ||
| 260 | |a Barcelona : |b Diputació de Barcelona, |c 1991 | ||
| 300 | |a 94 p., [7] p. : |b mapes ; |c 30 cm | ||
| 650 | |a Indicadors socials |x Barcelona (Província) |9 27171 | ||
| 651 | 0 | |a Barcelona (Catalunya : Província) |x Condicions socials |x Estadístiques |9 72083 | |
| 700 | 1 | |a Biosca i Rovira, Lali |9 27173 | |
| 700 | |a Sampere, Enric, dir. |9 27174 | ||
| 700 | |a Feliu, Teresa |9 27175 | ||
| 901 | |a Arxiu | ||
| 942 | |n 1 | ||
| 952 | |0 0 |1 0 |4 0 |6 M3252 |7 1 |9 44298 |a Arxiu |b Arxiu |d 2016-12-01 |l 0 |o M-3-252 |p 9568 |r 2016-12-01 00:00:00 |w 2016-12-01 |y ARXIU | ||
| 999 | |c 46878 |d 46878 | ||